000 00682nam a22002657a 4500
001 BR7326120
003 BR-BrBNA
005 20230928084349.0
007 ta
008 230509b bl.||||| |||| 00| 0 por d
040 _aBR-BrBNA
_bpor
_cBiblioteca Nacional de Agricultura
041 _a(Por)
072 _aL10
_b5000
_b6000
090 _ 5000 BR7326120
100 1 _aDomingues, O.
245 1 _aNocao de especie e raca em zootecnia
260 3 _aPiracicaba, SP (Brasil):
_c1940.
300 _a14 p.
500 _a14 ref.
650 _aGENETICA ANIMAL
650 _aMAMIFERO DOMESTICO
650 _aAVE DOMESTICA
909 _a202309
_bLucia
_c55
_dLucia Elande
942 _cBK
999 _c18431
_d18431